000 00374pab a2200145 454500
008 180718b1988 xxu||||| |||| 00| 0 eng d
100 _aMokashi, Arun
245 _acomputerisation in state transport undertakings
260 _c1988
300 _a5-10
362 _aJan.
650 _aComputers - Transportation
773 _aJournal of Transport Management
909 _a6496
999 _c6496
_d6496